1758 1169 1543 1704 1888 1446 1578 1368 1913 1575 1387 1878 1324 1079 1915 1399 1001 1104 1408 1666 1548 1559 1938 1419 1766 1064 1563 1275 1352 1588 1607 1939 1557 1153 1852 1261 1931 1526 1747 1719 1939 1664 1725 1387 1294 1343 1964 1510 1325 1486 1483 1576 1566 1282 1046 1824 1784 1486 1427 1587 1850 1622 1212 1333 1796 1714 1565 1693 1392 1443 1976 1424 1755 1269 1784 1903 1786 1446 1657 1535 1599 1731 1539 1295 1398 1370 1005 1134 1705 1943 1259 1121 1370 1041 1347 1479 1826 1109 1633 BCNSPRNW ULIB Ver.6.0+V

เปลี่ยนเป็นภาษาไทย

Change to English
 แสดงรายละเอียดบรรณานุกรม
  กลับหน้าหลัก

Brief Record : Get Marc (ISO 2709) : E-mail record : QR code < ปิดหน้าต่าง
LEADER : 00000nam 2200000uu 4500
001    13399127336
003     ULIB
008    200428s2562||||th 000 0 tha d
020    ^a9786164857438
060 04 ^aWS350.8.P4^bก728ด
100 0  ^aกุลยา ก่อสุวรรณ
245 10 ^aเด็กออทิสติก...สอนไม่ยาก หากเข้าใจ =^bA parent s guide toautism : teaching with love and understanding /^cกุลยาก่อสุวรรณ และยุวดี วิริยางกูร
246 30 ^aเด็กออทิสติก
246 31 ^aA parent s guide to autism : teaching with love andunderstanding
250    ^aฉบับปรับปรุงครั้งที่ 1
260    ^aเชียงใหม่ :^bชมรมครูเพื่อคนพิเศษแห่งประเทศไทย,^c2562
300    ^a(6), 174 หน้า :^bภาพประกอบ ;^c21 ซม.
650  4 ^aเด็กพิเศษ
650  4 ^aเด็กพิเศษ^xการดูแล
650  4 ^aออทิซึมในเด็ก
650  4 ^aคนออทิสติก
700 0  ^aยุวดี วิริยางกูร
710 2  ^aชมรมครูเพื่อคนพิเศษแห่งประเทศไทย
945    ^p325^l0^i006917
945    ^p325^l0^i006918
945    ^p325^l0^i006919
945    ^p325^l0^i006920
945    ^p325^l0^i006921
999    ^aประนอม เกษจรัล
รายการนี้ยังไม่มีแท็ก
คุณยังไม่ได้ล็อกอิน คุณสามารถมีกิจกรรมร่วมกับเว็บไซต์ได้ แต่ต้องล็อกอินก่อน ::
  ล็อกอิน

รายการสื่อสารสนเทศ

ลำดับที่ ประเภท เลขเรียก/บาร์โค้ด สถานที่ สถานะ
1. วิทยาศาสตร์การแพทย์ และสุขภาพ
หนังสือสำรอง
สถานะ=หนังสือสำรอง
WS350.8.P4 ก728ด ฉ.1 
  Barcode: 006917
ห้องสมุดวิทยาเขตสวรรค์ประชารักษ์
►หนังสือทั่วไป
บนชั้น
2. วิทยาศาสตร์การแพทย์ และสุขภาพ
วิทยาศาสตร์การแพทย์ และสุขภาพ
WS350.8.P4 ก728ด ฉ.2 
  Barcode: 006918
ห้องสมุดวิทยาเขตสวรรค์ประชารักษ์
►หนังสือทั่วไป
บนชั้น
3. วิทยาศาสตร์การแพทย์ และสุขภาพ
วิทยาศาสตร์การแพทย์ และสุขภาพ
WS350.8.P4 ก728ด ฉ.3 
  Barcode: 006919
ห้องสมุดวิทยาเขตสวรรค์ประชารักษ์
►หนังสือทั่วไป
บนชั้น
4. วิทยาศาสตร์การแพทย์ และสุขภาพ
วิทยาศาสตร์การแพทย์ และสุขภาพ
WS350.8.P4 ก728ด ฉ.4 
  Barcode: 006920
ห้องสมุดวิทยาเขตสวรรค์ประชารักษ์
►หนังสือทั่วไป
บนชั้น
5. วิทยาศาสตร์การแพทย์ และสุขภาพ
วิทยาศาสตร์การแพทย์ และสุขภาพ
WS350.8.P4 ก728ด ฉ.5 
  Barcode: 006921
ห้องสมุดวิทยาเขตสวรรค์ประชารักษ์
►หนังสือทั่วไป
บนชั้น

รายการใกล้เคียง
    ผู้แต่ง [กุลยา ก่อสุวรรณ]

    หัวเรื่อง [เด็กพิเศษ]
    หัวเรื่อง [ออทิซึมในเด็ก]
    หัวเรื่อง [คนออทิสติก]

BibComment


ยังไม่เคยถูกคอมเมนท์

คอมเมนท์ทรัพยากรรายการนี้
  คอมเมนท์: เด็กออทิสติกสอนไ..


 Copyright 2026. Bcnsprnw @Library